<?xml version="1.0" encoding="UTF-8"?>
<collection xmlns="http://www.loc.gov/MARC21/slim">
  <record>
    <leader>00000nam  2200000   4500</leader>
    <controlfield tag="001">INLIS000000000000325</controlfield>
    <controlfield tag="005">20180724134600</controlfield>
    <controlfield tag="008">180724|||||||||   |   |||   |||| ||   | </controlfield>
    <datafield tag="035" ind1=" " ind2=" ">
      <subfield code="0">010-0718000325</subfield>
    </datafield>
    <datafield tag="041" ind1=" " ind2=" ">
      <subfield code="a">id</subfield>
    </datafield>
    <datafield tag="082" ind1=" " ind2=" ">
      <subfield code="a">004</subfield>
    </datafield>
    <datafield tag="090" ind1=" " ind2=" ">
      <subfield code="a">R 004 PIM I 2014</subfield>
    </datafield>
    <datafield tag="100" ind1=" " ind2=" ">
      <subfield code="a">Sundari, Ida</subfield>
    </datafield>
    <datafield tag="245" ind1=" " ind2=" ">
      <subfield code="a">Peningkatan Kinerja Aparat Pengawas Internal BPK RI Melalui Perubahan Status Kepegawaian dari Jabatan Fungsional Administrasi Umum Menjadi Jabatan Pemeriksa Di Lingkungan Inspektorat Utama BPK RI</subfield>
    </datafield>
    <datafield tag="260" ind1=" " ind2=" ">
      <subfield code="a">Jakarta</subfield>
      <subfield code="b">LAN Jakarta</subfield>
      <subfield code="c">2014</subfield>
    </datafield>
    <datafield tag="300" ind1=" " ind2=" ">
      <subfield code="a">22 hlm</subfield>
    </datafield>
    <datafield tag="500" ind1=" " ind2=" ">
      <subfield code="a">Tujuan Proyek Perubahan ini adalah untuk menjadikan Aparat Pengawas Internal BPK RI mempunyai motivasi dan wawasan luas dalam melaksanakan tugasnya secara independen, professional, dan integritas serta terciptanya kesetaraan status kepegawaian Jabatan Fungsional Pemeriksa antara Itama dan Pemeriksa.</subfield>
    </datafield>
    <datafield tag="650" ind1=" " ind2=" ">
      <subfield code="a">Pengawas Internal-Kinerja</subfield>
    </datafield>
  </record>
</collection>
